00731 2200217 4500001002100000005001500021035002000036007000300056008004100059020002200100082001100122084001700133100001300150245008300163250001100246260004500257300003800302650001500340700001800355520014000373INLIS00000000000000120220322014402 a0010-0322000001ta220322 b 0 ind  a978-602-01-2602-9 a372.07 a372.07 LAS b0 aLastiono1 aBuku Ringkasan Materi dan Latihan BRILIAN Matematika SD/MI Kelas V /cLastiono aRevisi aBandung :bGrafindo Media Pratama,c2021 a154 halaman :bilustrasi ;c25 cm 4aMatematika0 aDini Setiasih aBRILIAN Matematika 5 disusun untuk SD/MI Kelas V disusun berdasarkan Kompetensi Inti dan Kompetensi Dasar Kurikulum 2013 (Edisi Revisi)